000 00699 a2200193 4500
020 _a0198505892
020 _a9780198505891
082 _a530.41
090 _c1148
_d1148
100 1 _aJones, Richard A. L.
245 1 0 _aSoft condensed matter /
_cRichard A. L. Jones.
260 _a[S.l.] :
_bOxford University Press, USA,
_c2002.
300 _a208 p. ;
_c25 cm.
490 1 _aOxford master series in condensed matter physics ;
700 _aJones, Richard A. L.
830 0 _aOxford master series in condensed matter physics ;
942 _aSNS
_cBK
_k530.41 JON
999 _c29762
_d29762